[Event "Lignano Bella Italia op 3rd"]
[Site "Lignano Sabbiadoro"]
[Date "2024.08.21"]
[Round "7"]
[White "Omelja, Artem"]
[Black "Domalchuk Jonasson, Aleksandr"]
[Result "1/2-1/2"]
[WhiteElo "2434"]
[BlackElo "2366"]
[PlyCount "34"]
[EventDate "2024.08.17"]
[EventType "swiss"]
[EventRounds "9"]
[EventCountry "ITA"]
[SourceTitle "CB35_2024"]
[SourceDate "2024.08.28"]
[SourceVersion "1"]
[SourceVersionDate "2024.08.28"]
[SourceQuality "1"]

1. e4 e5 2. Nf3 Nc6 3. Bb5 Nf6 4. 0-0 Nxe4 5. d4 Nd6 6. Bg5 f6 7. dxe5 Nxb5 8. exf6 gxf6 9. Re1+ Kf7 10. Qd5+ Kg7 11. Re8 Qxe8 12. Bxf6+ Kxf6 13. Qg5+ Kf7 14. Qh5+ Ke7 15. Qg5+ Kf7 16. Qh5+ Ke7 17. Qg5+ Kf7 1/2-1/2

[Event "Lignano Bella Italia op 3rd"]
[Site "Lignano Sabbiadoro"]
[Date "2024.08.19"]
[Round "4"]
[White "Montorsi, Matteo"]
[Black "Omelja, Artem"]
[Result "0-1"]
[WhiteElo "2149"]
[BlackElo "2434"]
[PlyCount "132"]
[EventDate "2024.08.17"]
[EventType "swiss"]
[EventRounds "9"]
[EventCountry "ITA"]
[SourceTitle "CB35_2024"]
[SourceDate "2024.08.28"]
[SourceVersion "1"]
[SourceVersionDate "2024.08.28"]
[SourceQuality "1"]

1. Nf3 d5 2. g3 c6 3. Bg2 Bf5 4. 0-0 e6 5. d3 h6 6. c4 dxc4 7. dxc4 Qxd1 8. Rxd1 Bc2 9. Rd2 Bh7 10. Rd1 Nf6 11. Nc3 Nbd7 12. b3 Bc5 13. Bb2 0-0-0 14. Nd2 Be7 15. Nde4 Nc5 16. Nxc5 Bxc5 17. Na4 Bb4 18. Bc3 Bxc3 19. Nxc3 Bc2 20. Rxd8+ Rxd8 21. Kf1 Kc7 22. Ke1 g5 23. Rc1 Bg6 24. h3 a5 25. Rd1 Ra8 26. e3 h5 27. f4 g4 28. hxg4 hxg4 29. e4 Nd7 30. Ke2 Rh8 31. Ke3 Rh2 32. Rd2 Nf6 33. Rf2 Bh7 34. f5 exf5 35. exf5 Nh5 36. Ne4 Ng7 37. f6 Nh5 38. Ng5 Bg6 39. Be4 Rxf2 40. Kxf2 Nxf6 41. Bxg6 fxg6 42. Ke3 Kd6 43. Kd4 b6 44. a3 c5+ 45. Ke3 Ke5 46. Nf7+ Ke6 47. Nd8+ Ke7 48. Nc6+ Kd6 49. Na7 Nh5 50. Kf2 Kd7 51. Nb5 Ke6 52. Nc3 Ke5 53. Na4 Nf6 54. Ke3 Ne4 55. Nxb6 Nxg3 56. Nd7+ Kd6 57. Nf6 Nf5+ 58. Kf4 g3 59. Ne4+ Kc6 60. Nxg3 Nxg3 61. Kxg3 Kd6 62. Kf4 Ke6 63. Kg5 Kf7 64. Kg4 Kf6 65. Kf4 g5+ 66. Ke4 Ke6 0-1

[Event "Arona op"]
[Site "Arona"]
[Date "2024.06.28"]
[Round "8"]
[White "Omelja, Artem"]
[Black "Kazakouski, Valery"]
[Result "0-1"]
[WhiteElo "2435"]
[BlackElo "2603"]
[PlyCount "104"]
[EventDate "2024.06.22"]
[EventType "swiss"]
[EventRounds "10"]
[EventCountry "ESP"]
[SourceTitle "CB27_2024"]
[SourceDate "2024.07.03"]
[SourceVersion "1"]
[SourceVersionDate "2024.07.03"]
[SourceQuality "1"]

1. d4 Nf6 2. Nf3 e6 3. e3 c5 4. Bd3 Nc6 5. 0-0 Be7 6. b3 0-0 7. Bb2 cxd4 8. exd4 Nd5 9. Re1 Nf4 10. Bf1 b6 11. g3 Ng6 12. Bg2 Bb7 13. Nbd2 d5 14. Nf1 b5 15. Ne3 b4 16. h4 Re8 17. h5 Nf8 18. Ng4 f6 19. h6 g6 20. a3 a5 21. c3 bxc3 22. Bxc3 Qb6 23. Qd2 Nd8 24. b4 a4 25. b5 Nd7 26. Bb4 Bxb4 27. Qxb4 Nf7 28. Rac1 Kh8 29. Bf1 e5 30. dxe5 fxe5 31. Bg2 Re6 32. Rc2 Rae8 33. Rce2 Kg8 34. Qxa4 Nc5 35. Qd1 Ne4 36. Qb3 Nxg3 37. Rxe5 Nxe5 38. Nfxe5 Nh5 39. Bxd5 Bxd5 40. Qxd5 Qd6 41. Qc4 Kf8 42. Qc3 Qd5 43. b6 Kg8 44. Qb4 Rb8 45. Rc1 Rxe5 46. Nxe5 Qxe5 47. Rc7 Rd8 48. Qc4+ Kh8 49. Rc8 Qg5+ 50. Kf1 Ng3+ 51. Kg2 Ne4+ 52. Kh2 Qh4+ 0-1

[Event "Titled Tuesday intern op 16th Apr Early"]
[Site "Chess.com INT"]
[Date "2024.04.16"]
[Round "7"]
[White "Duda, Jan Krzysztof"]
[Black "Omelja, Artem"]
[Result "0-1"]
[WhiteElo "2731"]
[BlackElo "2444"]
[PlyCount "116"]
[EventDate "2024.04.16"]
[EventType "swiss (blitz)"]
[EventRounds "11"]
[EventCountry "USA"]
[SourceTitle "CB17_2024"]
[SourceDate "2024.04.24"]
[SourceVersion "1"]
[SourceVersionDate "2024.04.24"]
[SourceQuality "1"]

1. e4 c5 2. Nf3 e6 3. d4 cxd4 4. Nxd4 Nf6 5. Nc3 Nc6 6. Nxc6 bxc6 7. e5 Nd5 8. Ne4 Qc7 9. f4 Qb6 10. c4 Bb4+ 11. Ke2 Ba6 12. Kf3 f5 13. Nf2 Ne7 14. Be3 Qb7 15. Qa4 g5 16. fxg5 Ng6 17. Nd3 c5+ 18. Kf2 Bxc4 19. Nxb4 Bxf1 20. Rhxf1 Qxb4 21. Qc2 Nxe5 22. Kg1 d6 23. Rad1 Ke7 24. Rf4 Qb7 25. b4 cxb4 26. Qd2 Rhd8 27. Rxb4 Qa6 28. g6 hxg6 29. Bg5+ Kf7 30. Bxd8 Rxd8 31. Qh6 Qc6 32. Qh7+ Kf6 33. Qh4+ g5 34. Qh6+ Ng6 35. Rg4 Qc5+ 36. Kh1 fxg4 37. Rf1+ Qf5 38. Rxf5+ exf5 39. Qh7 d5 40. Qxa7 Rd6 41. Qd4+ Ne5 42. Kg1 Ke6 43. a4 Nc6 44. Qe3+ Ne5 45. a5 d4 46. Qb3+ Kf6 47. Qb4 Ke6 48. Qb3+ Kf6 49. Qa3 Ke6 50. a6 d3 51. a7 d2 52. Qb3+ Kf6 53. Qd1 Rd8 54. Kf2 Nc4 55. Qa1+ Kg6 56. Ke2 Re8+ 57. Kd3 d1Q+ 58. Qxd1 Nb2+ 0-1

[Event "Titled Tuesday intern op 13th Feb Early"]
[Site "Chess.com INT"]
[Date "2024.02.13"]
[Round "3"]
[White "Rakhmatullaev, Almas"]
[Black "Omelja, Artem"]
[Result "1-0"]
[WhiteElo "2426"]
[BlackElo "2438"]
[PlyCount "75"]
[EventDate "2024.02.13"]
[EventType "swiss (blitz)"]
[EventRounds "11"]
[EventCountry "USA"]
[SourceTitle "CB08_2024"]
[SourceDate "2024.02.21"]
[SourceVersion "1"]
[SourceVersionDate "2024.02.21"]
[SourceQuality "1"]

1. e4 c5 2. Nf3 Nc6 3. Bb5 g6 4. 0-0 Bg7 5. Re1 Nf6 6. c3 0-0 7. h3 e5 8. Na3 d6 9. Nc2 Qc7 10. d4 cxd4 11. cxd4 a6 12. Bxc6 bxc6 13. Bg5 a5 14. Rc1 Ba6 15. Qd2 Rfe8 16. Bxf6 Bxf6 17. Ne3 Bg7 18. dxe5 dxe5 19. Rc3 Bf8 20. a3 Red8 21. Qc2 Rac8 22. Rc1 Qe7 23. Nc4 Bh6 24. Re1 f6 25. Nxa5 c5 26. Rd1 Rxd1+ 27. Qxd1 Kg7 28. Qc2 f5 29. exf5 e4 30. Nd2 gxf5 31. Ndc4 Bf4 32. g3 Bb8 33. Ne3 Kg6 34. b4 h5 35. Rxc5 Rf8 36. Rc6+ Rf6 37. Nd5 Rxc6 38. Nxe7+ 1-0

[Event "Titled Tuesday intern op 06th Feb Late"]
[Site "Chess.com INT"]
[Date "2024.02.06"]
[Round "1"]
[White "Omelja, Artem"]
[Black "Gonzalez Zharikov, Andrey"]
[Result "1-0"]
[WhiteElo "2438"]
[BlackElo "1985"]
[PlyCount "65"]
[EventDate "2024.02.06"]
[EventType "swiss (blitz)"]
[EventRounds "11"]
[EventCountry "USA"]
[SourceTitle "CB07_2024"]
[SourceDate "2024.02.14"]
[SourceVersion "1"]
[SourceVersionDate "2024.02.14"]
[SourceQuality "1"]

1. e4 c6 2. Ne2 d5 3. e5 c5 4. d4 Nc6 5. dxc5 e6 6. Nd4 Bxc5 7. Nxc6 bxc6 8. Bd3 Ne7 9. 0-0 0-0 10. Kh1 a5 11. Nd2 Ba6 12. Nb3 Bb6 13. Bg5 Qd7 14. Bxe7 Qxe7 15. f4 Bxd3 16. cxd3 a4 17. Nd2 Rfb8 18. b3 Bd4 19. Rb1 axb3 20. Nxb3 Bb6 21. Qc2 c5 22. f5 exf5 23. Rxf5 Qe6 24. Rbf1 c4 25. dxc4 dxc4 26. Nd2 c3 27. Qxc3 Rxa2 28. Ne4 Qg6 29. Ng3 Ra7 30. Qc4 Qe6 31. Qf4 Re8 32. Ne4 Bc7 33. Rxf7 1-0

[Event "Titled Tuesday intern op 06th Feb Late"]
[Site "Chess.com INT"]
[Date "2024.02.06"]
[Round "4"]
[White "Omelja, Artem"]
[Black "Hakobyan, Aram"]
[Result "0-1"]
[WhiteElo "2438"]
[BlackElo "2619"]
[PlyCount "98"]
[EventDate "2024.02.06"]
[EventType "swiss (blitz)"]
[EventRounds "11"]
[EventCountry "USA"]
[SourceTitle "CB07_2024"]
[SourceDate "2024.02.14"]
[SourceVersion "1"]
[SourceVersionDate "2024.02.14"]
[SourceQuality "1"]

1. e4 e5 2. Nf3 Nc6 3. Bb5 a6 4. Ba4 d6 5. c3 Bd7 6. 0-0 Nge7 7. d4 Ng6 8. Re1 Be7 9. Nbd2 0-0 10. Nf1 Bg4 11. h3 Bxf3 12. Qxf3 b5 13. d5 bxa4 14. dxc6 Qe8 15. g3 Qxc6 16. h4 f5 17. h5 Nh8 18. Ne3 Qxe4 19. Qxe4 fxe4 20. Nd5 Bd8 21. Rxe4 c6 22. Ne3 Nf7 23. Rxa4 d5 24. Ng4 Bb6 25. Be3 Bxe3 26. Nxe3 Ng5 27. Ng4 Rf5 28. Kg2 e4 29. Rd1 Nf3 30. h6 Rg5 31. Nh2 Ne5 32. hxg7 Rxg7 33. Rb4 Rf7 34. Rb6 Raf8 35. Rf1 Nc4 36. Rxc6 Nd2 37. Rd1 Rxf2+ 38. Kh3 e3 39. Ng4 R2f3 40. Re6 Ne4 41. Rxd5 Rxg3+ 42. Kh4 Rf4 43. Rg5+ Kf7 44. Rxe4 Rxe4 45. Kxg3 e2 46. Rf5+ Ke6 47. Rf6+ Ke7 48. Rxa6 e1Q+ 49. Kf3 Qe2+ 0-1

[Event "Titled Tuesday intern op 06th Feb Early"]
[Site "Chess.com INT"]
[Date "2024.02.06"]
[Round "3"]
[White "Zhigalko, Sergei"]
[Black "Omelja, Artem"]
[Result "1-0"]
[WhiteElo "2572"]
[BlackElo "2438"]
[PlyCount "67"]
[EventDate "2024.02.06"]
[EventType "swiss (blitz)"]
[EventRounds "11"]
[EventCountry "USA"]
[SourceTitle "CB07_2024"]
[SourceDate "2024.02.14"]
[SourceVersion "1"]
[SourceVersionDate "2024.02.14"]
[SourceQuality "1"]

1. e4 c5 2. Nf3 e6 3. c3 d5 4. e5 d4 5. Bd3 Nc6 6. 0-0 Nge7 7. Re1 Ng6 8. g3 Qc7 9. Qe2 Bd7 10. h4 Nge7 11. Na3 a6 12. Nc4 Nd5 13. a4 Nb6 14. Nxb6 Qxb6 15. Ng5 Be7 16. Qg4 Bxg5 17. Qxg5 h6 18. Qxg7 0-0-0 19. Qf6 Rdg8 20. Be4 Qc7 21. d3 Kb8 22. Bf4 Be8 23. Rac1 dxc3 24. Rxc3 Qb6 25. Be3 Nd4 26. Rxc5 Qxc5 27. Qd8+ Qc8 28. Qxd4 Qc7 29. Qa7+ Kc8 30. Qa8+ Kd7 31. Rc1 Qxc1+ 32. Bxc1 Ke7 33. Qxb7+ Kf8 34. Qxa6 1-0

[Event "Titled Tuesday intern op 19th Dec Early"]
[Site "Chess.com INT"]
[Date "2023.12.19"]
[Round "1"]
[White "Omelja, Artem"]
[Black "Eggleston, Thomas"]
[Result "1-0"]
[WhiteElo "2434"]
[BlackElo "2188"]
[PlyCount "65"]
[EventDate "2023.12.19"]
[EventType "swiss (blitz)"]
[EventRounds "11"]
[EventCountry "USA"]
[SourceTitle "CB52_2023"]
[SourceDate "2023.12.27"]
[SourceVersion "1"]
[SourceVersionDate "2023.12.27"]
[SourceQuality "1"]

1. d4 e6 2. c4 f5 3. Bf4 Nf6 4. e3 Bb4+ 5. Nc3 c5 6. Bd3 0-0 7. Nf3 Ne4 8. Qc2 d5 9. 0-0 cxd4 10. Nxd4 Bxc3 11. bxc3 Nc6 12. Rfd1 Qf6 13. cxd5 exd5 14. Qb3 Qf7 15. Qa3 Be6 16. Rab1 Rac8 17. Nb5 b6 18. Bxe4 fxe4 19. Nd6 Qe7 20. Qa4 Rc7 21. Nb5 Rd7 22. Bg3 Bg4 23. Rd2 Ne5 24. Qb3 Nc4 25. Rd4 a6 26. Rxc4 dxc4 27. Qxc4+ Be6 28. Qxe4 axb5 29. h3 Bf5 30. Qxe7 Rxe7 31. Rxb5 Rb7 32. Rb4 g6 33. a4 1-0

[Event "Titled Tuesday intern op 19th Dec Early"]
[Site "Chess.com INT"]
[Date "2023.12.19"]
[Round "5"]
[White "Omelja, Artem"]
[Black "Kashtanov, Ruslan"]
[Result "1-0"]
[WhiteElo "2434"]
[BlackElo "2357"]
[PlyCount "65"]
[EventDate "2023.12.19"]
[EventType "swiss (blitz)"]
[EventRounds "11"]
[EventCountry "USA"]
[SourceTitle "CB52_2023"]
[SourceDate "2023.12.27"]
[SourceVersion "1"]
[SourceVersionDate "2023.12.27"]
[SourceQuality "1"]

1. d4 Nf6 2. c4 Nc6 3. Nc3 e5 4. dxe5 Nxe5 5. e3 Bc5 6. Be2 0-0 7. Nf3 d6 8. 0-0 a5 9. b3 Bf5 10. Bb2 Qe7 11. Nd5 Nxd5 12. Qxd5 c6 13. Qd2 h6 14. Rfd1 Rfd8 15. a3 Bg4 16. Nd4 Qh4 17. Bxg4 Qxg4 18. h3 Qg6 19. Kh1 a4 20. f4 axb3 21. fxe5 dxe5 22. Qc3 exd4 23. exd4 Qc2 24. Qxc2 bxc2 25. Rd2 Bxa3 26. Rxa3 Rxa3 27. Bxa3 Ra8 28. Bc1 Ra2 29. Kg1 b5 30. d5 cxd5 31. c5 b4 32. c6 b3 33. c7 1-0

[Event "Titled Tuesday intern op 12th Dec Early"]
[Site "Chess.com INT"]
[Date "2023.12.12"]
[Round "2"]
[White "Omelja, Artem"]
[Black "Sarana, Alexey"]
[Result "0-1"]
[WhiteElo "2434"]
[BlackElo "2688"]
[PlyCount "94"]
[EventDate "2023.12.12"]
[EventType "swiss (blitz)"]
[EventRounds "11"]
[EventCountry "USA"]
[SourceTitle "CB51_2023"]
[SourceDate "2023.12.20"]
[SourceVersion "1"]
[SourceVersionDate "2023.12.20"]
[SourceQuality "1"]

1. d4 Nf6 2. c4 e6 3. Nf3 d5 4. Nc3 Bb4 5. cxd5 exd5 6. Qa4+ Nc6 7. Bg5 h6 8. Bxf6 Qxf6 9. e3 0-0 10. Bb5 Bxc3+ 11. bxc3 Ne7 12. Be2 Nf5 13. c4 dxc4 14. Qxc4 c6 15. 0-0 Be6 16. Qb4 Qe7 17. Qb2 Bd5 18. Rab1 Nd6 19. Rfc1 Be4 20. Ra1 Rae8 21. Nd2 Bd5 22. a4 f5 23. Bf3 Ne4 24. Nc4 f4 25. exf4 Rxf4 26. Ne5 Qg5 27. Qxb7 Re7 28. Qb4 Kh7 29. Bxe4+ Rxe4 30. Qb1 g6 31. Nf3 Qf6 32. Qd3 Rg4 33. Ra3 Qf4 34. Rd1 Rf7 35. h3 Qxf3 36. Qxf3 Rxf3 37. Rxf3 Bxf3 38. Rd3 Rxg2+ 39. Kf1 Bd5 40. Re3 Rh2 41. Re7+ Kg8 42. Rxa7 Rxh3 43. a5 Ra3 44. Ke2 h5 45. Kf1 h4 46. Kg1 Ra1+ 47. Kh2 Rh1# 0-1

[Event "Titled Tuesday intern op 19th Sep Early"]
[Site "Chess.com INT"]
[Date "2023.09.19"]
[Round "4"]
[White "Omelja, Artem"]
[Black "Goswami, Vedant"]
[Result "1-0"]
[WhiteElo "2434"]
[BlackElo "2034"]
[PlyCount "71"]
[EventDate "2023.09.19"]
[EventType "swiss (blitz)"]
[EventRounds "11"]
[EventCountry "USA"]
[SourceTitle "EXT 2024"]
[Source "ChessBase"]
[SourceDate "2023.10.10"]
[SourceVersion "1"]
[SourceVersionDate "2023.10.10"]
[SourceQuality "1"]

1. e4 e5 2. Nf3 Nc6 3. Nc3 Nf6 4. a3 Be7 5. d4 exd4 6. Nxd4 0-0 7. Be3 d5 8. Nxc6 bxc6 9. e5 Nd7 10. f4 f6 11. e6 Nb6 12. f5 c5 13. Bf2 Bb7 14. Bd3 c4 15. Be2 c5 16. Bf3 Qc7 17. Bg3 Bd6 18. Bxd6 Qxd6 19. 0-0 Rfd8 20. Qe2 Qe7 21. Rad1 a6 22. g4 Rd6 23. Qg2 Rad8 24. h4 Ba8 25. Ne2 d4 26. g5 d3 27. cxd3 cxd3 28. Nf4 Rd4 29. Nh5 Bxf3 30. Rxf3 Kh8 31. Rg3 Nd5 32. gxf6 Nxf6 33. Rxg7 Rg8 34. Rxe7 Rxg2+ 35. Kxg2 Nxh5 36. Rd7 1-0

[Event "Titled Tuesday intern op 19th Sep Early"]
[Site "Chess.com INT"]
[Date "2023.09.19"]
[Round "10"]
[White "Omelja, Artem"]
[Black "Jovic, Stanoje"]
[Result "0-1"]
[WhiteElo "2434"]
[BlackElo "2075"]
[PlyCount "56"]
[EventDate "2023.09.19"]
[EventType "swiss (blitz)"]
[EventRounds "11"]
[EventCountry "USA"]
[SourceTitle "EXT 2024"]
[Source "ChessBase"]
[SourceDate "2023.10.10"]
[SourceVersion "1"]
[SourceVersionDate "2023.10.10"]
[SourceQuality "1"]

1. e4 c6 2. d4 d5 3. e5 c5 4. Nf3 cxd4 5. Nxd4 Nc6 6. Nxc6 bxc6 7. Bd3 e6 8. 0-0 Ne7 9. Nd2 Ng6 10. f4 Bc5+ 11. Kh1 0-0 12. Nf3 f6 13. Qe2 fxe5 14. Bxg6 hxg6 15. Nxe5 Qe8 16. Be3 Bd6 17. Qd3 Bxe5 18. fxe5 Rf5 19. g4 Rxf1+ 20. Rxf1 a5 21. Qc3 Ba6 22. Rf2 c5 23. Bxc5 d4 24. Qf3 Qc8 25. Kg1 Bb7 26. Qf6 gxf6 27. Bxd4 Qc6 28. Rxf6 Qg2# 0-1